SMALL-SCALE INDUSTRIES & ENTREPRENEURSHIP. (Record no. 479146)

MARC details
000 -LEADER
fixed length control field 00826nam a2200241Ia 4500
008 - FIXED-LENGTH DATA ELEMENTS--GENERAL INFORMATION
fixed length control field 100315s9999 xx 000 0 und d
040 ## - CATALOGING SOURCE
Transcribing agency ENGLISH 
082 ## - DEWEY DECIMAL CLASSIFICATION NUMBER
Item number 4411 
Classification number 658.022 
100 ## - MAIN ENTRY--PERSONAL NAME
Personal name "Desai, Vasant "
245 ## - TITLE STATEMENT
Title SMALL-SCALE INDUSTRIES & ENTREPRENEURSHIP.
250 ## - EDITION STATEMENT
Edition statement 6th 
260 ## - PUBLICATION, DISTRIBUTION, ETC. (IMPRINT)
Place of publication, distribution, etc Mumbai 
Name of publisher, distributor, etc Himalaya Publishing House  
Date of publication, distribution, etc 2003 
300 ## - PHYSICAL DESCRIPTION
Extent "XVIII, 610P  "
365 ## - TRADE PRICE
Price note Rupees 
Unit of pricing
Price amount 148.75 
366 ## - TRADE AVAILABILITY INFORMATION
Publishers' discount category 15 
505 ## - FORMATTED CONTENTS NOTE
Miscellaneous information DBH 
530 ## - ADDITIONAL PHYSICAL FORM AVAILABLE NOTE
Availability source LAXMI BOOK DEPOT. 472/24-04-2003 
Additional physical form available note 472/24-04-2003 
536 ## - FUNDING INFORMATION NOTE
Text of note 01/04/2003-31/03/2004 
620 ## -
-- "Rural Industries, Inustrial Estate, Capital Management, Marketing Mechanism, Taxation Benefits "
630 ## - SUBJECT ADDED ENTRY--UNIFORM TITLE
Uniform title SMALL-SCALE INDUSTRIES & ENTREPRENEURSHIP.
730 ## - ADDED ENTRY--UNIFORM TITLE
Uniform title SMALL-SCALE INDUSTRIES & ENTREPRENEURSHIP.
942 ## - ADDED ENTRY ELEMENTS (KOHA)
Koha item type Book
Holdings
Withdrawn status Lost status Damaged status Not for loan Home library Current library Date acquired Cost, normal purchase price Total Checkouts Full call number Barcode Date last seen Price effective from Koha item type
        Dr. V. N. Bedekar Institute of Management Studies Library Dr. V. N. Bedekar Institute of Management Studies Library 03/15/2005 175.00   658.022 /DES  4411  VPMBRIMS-4411  03/19/2010 03/19/2010 Book